Countries by Largest City, In Order (World, with Continents) - Statistics

General Stats
  • This quiz has been taken 100 times
    88 since last reset
  • The average score is 51 of 196
Answer Stats
Continent Population City Country % Correct
Asia 47,600,000 Guangzhou China
100%
Asia 40,500,000 Tokyo Japan
100%
Asia 32,100,000 Jakarta Indonesia
97%
Asia 31,300,000 Delhi India
93%
South America 22,600,000 São Paulo Brazil
90%
North America 24,500,000 Mexico City Mexico
90%
North America 21,800,000 New York United States
90%
Asia 20,300,000 Dhaka Bangladesh
86%
Asia 26,300,000 Manila Philippines
86%
Asia 25,000,000 Seoul South Korea
86%
South America 16,600,000 Buenos Aires Argentina
83%
Africa 21,500,000 Cairo Egypt
83%
Africa 20,100,000 Lagos Nigeria
83%
South America 11,100,000 Lima Peru
83%
Europe 17,400,000 Moscow Russia
83%
South America 9,800,000 Bogotá Colombia
79%
Europe 11,400,000 Paris France
79%
Asia 19,400,000 Bangkok Thailand
79%
Europe 14,800,000 London United Kingdom
79%
Asia 16,200,000 Istanbul Turkey
76%
Asia 10,600,000 Ho Chi Minh City Vietnam
76%
Asia 18,200,000 Karachi Pakistan
72%
Africa 14,200,000 Johannesburg South Africa
72%
North America 7,650,000 Toronto Canada
69%
South America 7,800,000 Santiago Chile
69%
Africa 13,900,000 Kinshasa Democratic Republic of the Congo
69%
Asia 15,500,000 Tehran Iran
69%
Asia 9,150,000 Kuala Lumpur Malaysia
69%
Europe 6,700,000 Madrid Spain
66%
Africa 8,450,000 Luanda Angola
62%
Europe 6,150,000 Milan Italy
62%
Asia 7,900,000 Singapore Singapore
62%
Asia 9,150,000 Taipei Taiwan
62%
Asia 7,150,000 Baghdad Iraq
59%
Asia 8,400,000 Riyadh Saudi Arabia
59%
Oceania 5,400,000 Sydney Australia
55%
Europe 5,650,000 The Ruhr Germany
55%
Africa 6,100,000 Nairobi Kenya
52%
South America 3,775,000 Caracas Venezuela
52%
North America 4,000,000 Santo Domingo Dominican Republic
48%
Asia 5,700,000 Amman Jordan
48%
Asia 5,750,000 Yangon Myanmar
48%
Africa 6,500,000 Khartoum Sudan
48%
Africa 6,450,000 Dar es Salaam Tanzania
48%
Asia 5,700,000 Dubai United Arab Emirates
48%
Africa 5,750,000 Abidjan Ivory Coast
45%
South America 3,200,000 Guayaquil Ecuador
41%
Africa 5,200,000 Accra Ghana
41%
Asia 4,825,000 Colombo Sri Lanka
41%
Asia 4,475,000 Kabul Afghanistan
38%
Africa 3,900,000 Addis Ababa Ethiopia
38%
Europe 3,500,000 Athens Greece
38%
Asia 4,500,000 Kuwait City Kuwait
38%
Africa 4,550,000 Casablanca Morocco
38%
Africa 4,025,000 Algiers Algeria
34%
North America 3,200,000 Guatemala City Guatemala
34%
Europe 3,275,000 Rotterdam Netherlands
34%
South America 2,375,000 Asunción Paraguay
34%
Africa 3,925,000 Dakar Senegal
34%
Europe 3,475,000 Kiev Ukraine
34%
North America 3,325,000 Port-au-Prince Haiti
31%
Africa 3,675,000 Bamako Mali
31%
Asia 3,900,000 Damascus Syria
31%
Africa 3,675,000 Kampala Uganda
31%
Europe 2,725,000 Brussels Belgium
28%
South America 2,175,000 Santa Cruz Bolivia
28%
Africa 3,500,000 Yaoundé Cameroon
28%
Asia 3,200,000 Kathmandu Nepal
28%
Asia 2,900,000 Sana'a Yemen
28%
North America 2,375,000 San José Costa Rica
24%
Europe 2,625,000 Budapest Hungary
24%
Asia 2,975,000 Pyongyang North Korea
24%
Europe 2,350,000 Warsaw Poland
24%
Europe 2,500,000 Lisbon Portugal
24%
Europe 2,200,000 Bucharest Romania
24%
South America 1,870,000 Montevideo Uruguay
24%
Asia 3,300,000 Tashkent Uzbekistan
24%
Asia 2,625,000 Baku Azerbaijan
21%
Europe 2,050,000 Minsk Belarus
21%
Asia 2,575,000 Phnom Penh Cambodia
21%
North America 2,225,000 Havana Cuba
21%
North America 1,880,000 San Salvador El Salvador
21%
Asia 2,725,000 Tel Aviv Israel
21%
Europe 2,250,000 Stockholm Sweden
21%
Europe 825 Vatican City Vatican City
21%
Africa 2,800,000 Lusaka Zambia
21%
Europe 2,225,000 Vienna Austria
17%
Africa 2,650,000 Ouagadougou Burkina Faso
17%
Africa 2,600,000 Conakry Guinea
17%
Asia 2,175,000 Almaty Kazakhstan
17%
Europe 6,039 Schaan Liechtenstein
17%
Africa 2,750,000 Antananarivo Madagascar
17%
Asia 2,300,000 Doha Qatar
17%
Europe 7,000 Dogana San Marino
17%
Africa 2,000,000 Mogadishu Somalia
17%
Africa 2,725,000 Tunis Tunisia
17%
Europe 19,403 Andorra la Vella Andorra
14%
Africa 1,890,000 Cotonou Benin
14%
Oceania 13,856 Weno Federated States of Micronesia
14%
Africa 2,350,000 Maputo Mozambique
14%
Oceania 1,804 Denigomodu Nauru
14%
North America 1,560,000 Panama City Panama
14%
Africa 2,350,000 Brazzaville Republic of the Congo
14%
Africa 1,860,000 Freetown Sierra Leone
14%
Africa 2,175,000 Lomé Togo
14%
Oceania 6,320 Funafuti Tuvalu
14%
Africa 2,075,000 Harare Zimbabwe
14%
Asia 1,500,000 Yerevan Armenia
10%
Asia 1,570,000 Manama Bahrain
10%
Europe 1,690,000 Copenhagen Denmark
10%
Asia 1,790,000 Beirut Lebanon
10%
Europe 1,210,000 Oslo Norway
10%
Oceania 14,000 Koror City Palau
10%
North America 14,000 Basseterre Saint Kitts and Nevis
10%
North America 22,219 St. John's Antigua and Barbuda
7%
North America 110,000 Bridgetown Barbados
7%
North America 65,173 Belize City Belize
7%
Asia 114,551 Thimphu Bhutan
7%
Europe 1,300,000 Sofia Bulgaria
7%
Africa 1,600,000 Bujumbura Burundi
7%
Africa 1,610,000 N'Djamena Chad
7%
Europe 1,153,255 Zagreb Croatia
7%
Europe 1,460,000 Prague Czech Republic
7%
North America 14,725 Roseau Dominica
7%
Europe 1,320,000 Helsinki Finland
7%
Asia 1,360,000 Tbilisi Georgia
7%
North America 33,734 St. George's Grenada
7%
South America 118,369 Georgetown Guyana
7%
North America 1,230,000 San Pedro Sula Honduras
7%
Europe 1,400,000 Dublin Ireland
7%
North America 1,243,072 Kingston Jamaica
7%
Asia 1,120,000 Bishkek Kyrgyzstan
7%
Africa 1,650,000 Monrovia Liberia
7%
Europe 32,204 St. Paul's Bay Malta
7%
Europe 37,308 Monaco Monaco
7%
Asia 1,430,000 Ulaanbaatar Mongolia
7%
Oceania 1,490,000 Auckland New Zealand
7%
North America 1,350,000 Managua Nicaragua
7%
Asia 1,330,000 Muscat Oman
7%
North America 20,000 Castries Saint Lucia
7%
North America 26,828 Kingstown Saint Vincent and the Grenadines
7%
Europe 1,430,000 Belgrade Serbia
7%
Europe 1,450,000 Zürich Switzerland
7%
Asia 1,030,000 Dushanbe Tajikistan
7%
North America 101,297 Chaguanas Trinidad and Tobago
7%
Asia 1,440,000 Ashgabat Turkmenistan
7%
North America 274,400 Nassau Bahamas
3%
Asia 202,715 Bandar Seri Begawan Brunei
3%
Africa 1,230,000 Bangui Central African Republic
3%
Africa 74,749 Moroni Comoros
3%
Asia 244,200 Nicosia Cyprus
3%
Asia 244,584 Dili East Timor
3%
Africa 1,258,001 Asmara Eritrea
3%
Africa 94,874 Mbabane Eswatini
3%
Africa 1,010,000 Banjul Gambia
3%
Oceania 63,439 South Tarawa Kiribati
3%
Asia 948,477 Vientiane Laos
3%
Africa 1,290,000 Tripoli Libya
3%
Europe 124,528 Luxembourg City Luxembourg
3%
Africa 1,090,000 Lilongwe Malawi
3%
Asia 227,486 Malé Maldives
3%
Oceania 27,797 Majuro Marshall Islands
3%
Africa 1,310,000 Nouakchott Mauritania
3%
Africa 1,350,000 Niamey Niger
3%
Africa 1,230,000 Kigali Rwanda
3%
Oceania 37,391 Apia Samoa
3%
Africa 71,868 São Tomé São Tomé and Príncipe
3%
Africa 26,350 Victoria Seychelles
3%
South America 240,924 Paramaribo Suriname
3%
Oceania 23,221 Nuku'alofa Tonga
3%
Oceania 51,437 Port Vila Vanuatu
3%
Europe 557,422 Tirana Albania
0%
Europe 555,210 Sarajevo Bosnia and Herzegovina
0%
Africa 431,437 Gaborone Botswana
0%
Africa 159,050 Praia Cape Verde
0%
Africa 600,000 Djibouti Djibouti
0%
Africa 290,000 Bata Equatorial Guinea
0%
Europe 437,619 Tallinn Estonia
0%
Oceania 185,913 Suva Fiji
0%
Africa 703,940 Libreville Gabon
0%
Africa 492,004 Bissau Guinea-Bissau
0%
Europe 232,280 Reykjavik Iceland
0%
Europe 477,312 Pristina Kosovo
0%
Europe 931,918 Riga Latvia
0%
Africa 330,760 Maseru Lesotho
0%
Europe 706,832 Vilnius Lithuania
0%
Africa 146,737 Port Louis Mauritius
0%
Europe 702,300 Chișinău Moldova
0%
Europe 201,351 Podgorica Montenegro
0%
Africa 325,858 Windhoek Namibia
0%
Europe 578,144 Skopje North Macedonia
0%
Oceania 364,145 Port Moresby Papua New Guinea
0%
Europe 659,598 Bratislava Slovakia
0%
Europe 537,893 Ljubljana Slovenia
0%
Oceania 130,176 Honiara Solomon Islands
0%
Africa 525,953 Juba South Sudan
0%
No matching quizzes found
Score Distribution
Percent of People with Each Score
Percentile by Number Answered
Your Score History
You have not taken this quiz since the last reset